Heat and master transfer / (Record no. 170013)

MARC details
000 -LEADER
fixed length control field 00702nam a22002177a 4500
005 - DATE AND TIME OF LATEST TRANSACTION
control field 20191210114740.0
010 ## - LCCN (DPL NO)
LC control number ENG-127045
020 ## - INTERNATIONAL STANDARD BOOK NUMBER
Terms of availability 599.00
International Standard Book Number 9789353439736
035 ## - SYSTEM CONTROL NUMBER
System control number EN-110577
037 ## - SOURCE OF ACQUISITION
Source of stock number/acquisition DBAD/PUB
082 ## - DEWEY DECIMAL CLASSIFICATION NUMBER
Classification number 621.402
100 ## - MAIN ENTRY--PERSONAL NAME
Personal name Pal, Amit
245 ## - TITLE STATEMENT
Title Heat and master transfer /
Statement of responsibility, etc by Amit Pal [and] Shashank Mohan
260 ## - PUBLICATION, DISTRIBUTION, ETC. (IMPRINT)
Place of publication, distribution, etc Noida
Name of publisher, distributor, etc Pearson India Education
Date of publication, distribution, etc 2020
270 ## - ADDRESS
Address 15th Floor, Tower-B, World Trade Tower, Plot No.1, Block-C, Sector 16
City Noida, Uttar Pradesh
Postal code 201301
Telephone number 044-66540100
300 ## - PHYSICAL DESCRIPTION
Extent various paging
Dimensions 23cm(pbk)
500 ## - GENERAL NOTE
General note Includes index
700 ## - ADDED ENTRY--PERSONAL NAME
Personal name Pal, Amit
700 ## - ADDED ENTRY--PERSONAL NAME
Personal name Mohan, Shashank
942 ## - ADDED ENTRY ELEMENTS (KOHA)
Source of classification or shelving scheme Dewey Decimal Classification
Item type English Books
Classification part 621.402
Call number suffix PAL
Holdings
Withdrawn status Lost status Not for loan Collection code Home library Current library Date acquired Source of acquisition Cost, normal purchase price Full call number Barcode Copy number Cost, replacement price Koha item type
      Non-fiction Ashok Vihar Ashok Vihar 10/12/2019 DBAD/PUB 599.00 621.402 PAL EN-110577 1 599.00 English Books

© Delhi Public Library
Hit Counter
free hit counter